书目信息 |
| 题名: |
斯宾诺莎
|
|
| 作者: | 斯坦贝格 著 ;黄启祥 译 | |
| 分册: | ||
| 出版信息: | 北京 清华大学出版社 2019 |
|
| 页数: | 170页 | |
| 开本: | 21cm | |
| 丛书名: | 伟大的思想家 | |
| 单 册: | ||
| 中图分类: | B563.1 | |
| 科图分类: | ||
| 主题词: | ||
| 电子资源: | ||
| ISBN: | 978-7-302-52565-3 | |
| 000 | 01247oam2 2200301 450 | |
| 001 | 2158011003 | |
| 005 | 20211011172911.0 | |
| 010 | @a978-7-302-52565-3@b精装@dCNY35.00 | |
| 100 | @a20190717d2019 em y0chiy50 ea | |
| 101 | 1 | @achi@ceng |
| 102 | @aCN@b110000 | |
| 105 | @aa z 000yd | |
| 106 | @ar | |
| 200 | 1 | @a斯宾诺莎@Asi bin nuo sha@dOn Spinoza@f(美)戴安·斯坦贝格(Diane Steinbeig)著@g黄启祥译@zeng |
| 210 | @a北京@c清华大学出版社@d2019 | |
| 215 | @a170页@c图@d21cm | |
| 225 | 2 | @a伟大的思想家@Awei da de si xiang jia@f张世英,赵敦华主编 |
| 300 | @a悦·读人生/哲学 | |
| 305 | @a中文简体字翻译版由圣智学习出版公司授权出版 | |
| 330 | @a本书首先简要介绍了斯宾诺莎的生平经历,以让读者理解其思想的形成过程,然后则选择性地着重对其关于“形而上学基础”、“心灵与身体”、“心理学”以及“伦理学”等方面的思想进行详细论述,帮助读者准确把握其富有启发性和包蕴性的思想。 | |
| 461 | 0 | @12001 @a伟大的思想家 |
| 510 | 1 | @aOn Spinoza@zeng |
| 600 | 0 | @a斯宾诺莎@Asi bin nuo sha@c(Spinoza, Benoit de@f1632-1677)@x哲学思想@x思想评论 |
| 690 | @aB563.1@v5 | |
| 701 | 0 | @c(美)@a斯坦贝格@Asi tan bei ge@c(Steinbeig, Diane)@4著 |
| 702 | 0 | @a黄启祥@Ahuang qi xiang@4译 |
| 801 | 0 | @aCN@b百万庄@c20211007 |
| 905 | @b1306469-472@dB563.1@e96@f4 | |
| 斯宾诺莎=On Spinoza/(美)戴安·斯坦贝格(Diane Steinbeig)著/黄启祥译.-北京:清华大学出版社,2019 |
| 170页:图;21cm.-(伟大的思想家/张世英,赵敦华主编) |
| 悦·读人生/哲学 |
| ISBN 978-7-302-52565-3(精装):CNY35.00 |
| 本书首先简要介绍了斯宾诺莎的生平经历,以让读者理解其思想的形成过程,然后则选择性地着重对其关于“形而上学基础”、“心灵与身体”、“心理学”以及“伦理学”等方面的思想进行详细论述,帮助读者准确把握其富有启发性和包蕴性的思想。 |
| ● |
| 相关链接 |
|
|
|
|
正题名:斯宾诺莎
索取号:B563.1/96
 
预约/预借
| 序号 | 登录号 | 条形码 | 馆藏地/架位号 | 状态 | 备注 |
| 1 | 1306469 | 213064690 | 第一样本阅览室/ [索取号:B563.1/96] | 在馆 | |
| 2 | 1306470 | 213064707 | 第一借阅区/ [索取号:B563.1/96] | 在馆 | |
| 3 | 1306471 | 213064716 | 第一借阅区/ [索取号:B563.1/96] | 在馆 | |
| 4 | 1306472 | 213064725 | 第一借阅区/ [索取号:B563.1/96] | 在馆 |